Footwear : a survey of the Netherlands and other major markets in the European Unions.
| Format: | Book |
|---|---|
| Published: |
Rotterdam:
CBI,
1996.
|
| Subjects: |
| LEADER | 00512cam a2200169 7i4500 | ||
|---|---|---|---|
| 001 | 0000005403 | ||
| 005 | 19991025090000.0 | ||
| 002 | ##000007035 | ||
| 020 | 0 | 0 | |a T000005531 |
| 090 | 0 | 0 | |a P 391.413 |b FOO |
| 245 | 0 | 0 | |a Footwear : |b a survey of the Netherlands and other major markets in the European Unions. |
| 260 | 0 | 0 | |a Rotterdam: |b CBI, |c 1996. |
| 300 | 0 | 0 | |a 134 p.. |
| 650 | 0 | 0 | |a Footwear -- |z Netherlands |
| 651 | 0 | 0 | |a Netherlands |
| 651 | 0 | 0 | |a European Unions |
| 999 | |a 0000008237 |b Book |c Open shelf |e Business Information Centre | ||